000 00362nam a2200145Ia 4500
008 150301s2005 xx 000 0 und d
082 _a610.7369
_bB05C
100 _aCLEMENT,I
245 _aBASIC CONCEPT OF PSYCHIATRIC NURSING
250 _a1ST
260 _bAP. JAIN & COMP.
_aDELHI
_c2005
300 _a228
650 _aPSYCHIATRIC NURSING
942 _2ddc
_cBK
999 _c6767
_d6767